Unveiling the Gender Symmetry Debate: Exploring Consequences, Instructions, and Forms of Violence in Intimate Partner Violence

Official statistics and data from police and judicial systems consistently show that intimate partner violence (IPV) is a worldwide problem predominantly affecting women perpetrated by male partners. Yet, certain behavioral checklists yield similar IPV rates for both genders, sparking the gender sym...

Full description

Saved in:  
Bibliographic Details
Authors: Zapata-Calvente, Antonella Ludmila (Author) ; Moya, Miguel (Author) ; Megías, Jesús L. (Author)
Format: Electronic Article
Language:English
Published: 2025
In: Journal of interpersonal violence
Year: 2025, Volume: 40, Issue: 17/18, Pages: 4346-4371
Online Access: Presumably Free Access
Volltext (lizenzpflichtig)
Check availability: HBZ Gateway
Keywords:

MARC

LEADER 00000caa a22000002c 4500
001 1933282088
003 DE-627
005 20251217125145.0
007 cr uuu---uuuuu
008 250815s2025 xx |||||o 00| ||eng c
024 7 |a 10.1177/08862605241289477  |2 doi 
035 |a (DE-627)1933282088 
035 |a (DE-599)KXP1933282088 
040 |a DE-627  |b ger  |c DE-627  |e rda 
041 |a eng 
084 |a 2,1  |2 ssgn 
100 1 |a Zapata-Calvente, Antonella Ludmila  |e VerfasserIn  |0 (orcid)0000-0001-6860-5485  |4 aut 
245 1 0 |a Unveiling the Gender Symmetry Debate: Exploring Consequences, Instructions, and Forms of Violence in Intimate Partner Violence 
264 1 |c 2025 
336 |a Text  |b txt  |2 rdacontent 
337 |a Computermedien  |b c  |2 rdamedia 
338 |a Online-Ressource  |b cr  |2 rdacarrier 
520 |a Official statistics and data from police and judicial systems consistently show that intimate partner violence (IPV) is a worldwide problem predominantly affecting women perpetrated by male partners. Yet, certain behavioral checklists yield similar IPV rates for both genders, sparking the gender symmetry/asymmetry debate. Some possible explanations for this discrepancy reside in (a) considering or not the consequences of violence, (b) possible inadequacies of the instructions given to participants when answering checklists, and (c) considering or not certain behaviors typically asymmetrical (e.g., economic violence). In order to test these three hypotheses, we conducted two studies in the Spanish context using the Partner Victimization Scale (PVS). In Study 1, participants (n = 449) answered a Spanish version of the PVS (with the instructions “Not including horseplay or joking around”) and reported consequences of violence on their self-esteem and health. In Study 2 (n = 172), we experimentally manipulated the instructions given to participants when answering the PVS (including those of Study 1 or not) and also added some items of typically asymmetrical violence. Other measures of consequences of violence were assessed. Results of Study 1 replicated the original PVSs factor structure and showed gender asymmetry (more female than male victimization) in four of five items, and the victimization rates were related to consequences of violence, providing construct validity to this version of the scale. Results of Study 2 underlined the relevance of the instructions and of the addition of certain types of violence in the symmetry/asymmetry rates informed. Additionally, the IPV reported was associated with worse consequences for women than for men. Our findings suggest that the detection of IPV increases when the instructions are clarified, when certain items are added, and when the consequences of IPV are considered. 
650 4 |a Consequences 
650 4 |a Partner Victimization Scale 
650 4 |a gender symmetry debate 
650 4 |a intimate partner violence against women 
700 1 |a Moya, Miguel  |e VerfasserIn  |0 (DE-588)1137383097  |0 (DE-627)89456983X  |0 (DE-576)491303149  |4 aut 
700 1 |a Megías, Jesús L.  |e VerfasserIn  |0 (orcid)0000-0003-2365-3779  |4 aut 
773 0 8 |i Enthalten in  |t Journal of interpersonal violence  |d London [u.a.] : Sage, 1986  |g 40(2025), 17/18, Seite 4346-4371  |h Online-Ressource  |w (DE-627)324614721  |w (DE-600)2028900-5  |w (DE-576)276556305  |x 1552-6518  |7 nnas 
773 1 8 |g volume:40  |g year:2025  |g number:17/18  |g pages:4346-4371 
856 |u https://digibug.ugr.es/bitstream/10481/101268/1/NWGccz-JIV-24-272.R2_Proof_hi.pdf  |x unpaywall  |z Vermutlich kostenfreier Zugang  |h repository [deprecated] 
856 4 0 |u https://doi.org/10.1177/08862605241289477  |x Resolving-System  |z lizenzpflichtig  |3 Volltext  |7 1 
935 |a mkri 
951 |a AR 
ELC |a 1 
LOK |0 000 xxxxxcx a22 zn 4500 
LOK |0 001 4757411154 
LOK |0 003 DE-627 
LOK |0 004 1933282088 
LOK |0 005 20250815043608 
LOK |0 008 250815||||||||||||||||ger||||||| 
LOK |0 035   |a (DE-2619)KrimDok#2025-08-14#1F1D5921888B611CB2B3DC7841FF31A67C68C15B 
LOK |0 040   |a DE-2619  |c DE-627  |d DE-2619 
LOK |0 092   |o n 
LOK |0 852   |a DE-2619 
LOK |0 852 1  |9 00 
LOK |0 935   |a zota 
LOK |0 939   |a 15-08-25  |b l01 
OAS |a 1 
ORI |a SA-MARC-krimdoka001.raw